000 00992nas a2200325 4500
001 BR2010002007
003 BR-BrBNA
005 20231205114152.0
007 ta
008 230509b bl.|||p| |||| 00| 00por d
040 _aBR-BrBNA
_bpor
_cBiblioteca Nacional de Agricultura
041 _a(Pt)
072 _aQ03
100 1 _aSanibal, E.A.A,
100 1 _aArabbi, P.R.
100 1 _aAmed, M.L.N.G.
100 1 _aJakabi, M.
100 1 _aRodrigues, R.S.M.
100 1 _aRodrigues, R.M.M.S.
100 1 _aMarsiglia, D.A.P.
245 1 _aValidação do procedimento operacional padrão (POP)de colheita de alimentos importados
650 _aALIMENTO
650 _aINSPEÇÃO SANITÁRIA
650 _aCONTROLE DE QUALIDADE
650 _aCERTIFICAÇÃO DE PRODUTO
650 _aSÃO PAULO
773 0 _tHigiene Alimentar (Brazil)
_xISSN 0101-9171
_g(Jan-Feb 2010), v. 24(180-181) p. 32-35
_wBR2010002007
909 _a202311
_bLúcia
_c55
_dLúcia Elande
942 _2AGRIS
_n0
_cANA
999 _c207395
_d207395